| 000 | 00685nam a2200241 a 4500 | ||
|---|---|---|---|
| 999 |
_c126841 _d126841 |
||
| 003 | UPN | ||
| 005 | 20240228064341.0 | ||
| 008 | 080304s2003 es r 000 0 spa d | ||
| 020 | _a8448018788 | ||
| 035 | _aUPN01000154724 | ||
| 040 |
_aUPN _bspa _cUPN |
||
| 049 | _aI | ||
| 050 | 4 |
_aPZ71 _bC3.68 |
|
| 100 | 1 |
_aCanals, Cuca, _d1962- _936065 |
|
| 245 | 1 | 1 |
_a¿Qué estoy haciendo? / _cCuca Canals ; il. José Castro. |
| 260 |
_aBarcelona, Esp. : _bTimunmas, _c2003. |
||
| 300 |
_a[16] p. : _bil. col. |
||
| 440 | 0 | _aAprende con Gus | |
| 650 | 4 |
_aLibros y lectura para niños _92290 |
|
| 650 | 4 |
_aVocabulario _vLiteratura infantil _99516 |
|
| 905 | _aInfantil | ||
| 942 |
_2lcc _cLIBRO |
||